План города Вышнего Волочка Тверской губернии

RUSMARC
00006017cfm2a2200000#x 450
001f042f479-aa00-46ab-a505-11598b8a474e
00520250515151625.0
100##$a20160421l17721772k l0rusy0189 ca
1010#$arus
102##$aRU
2001#$aПлан города Вышнего Волочка Тверской губернии
$j1772 г.
251##$cДело
300##$aВысочайше конфирмованная копия
300##$aРукописный текст. Чернила
300##$aБумага. Тушь, карандаш, акварель
300##$aОригинальный заголовок дела: Тверская губерния. План города Вышний Волочек : 1772
801#0$aRU
$bРГИА
$c20160421
801#1$aRU
$bГлавНИВЦ
$c20160421
$2rusmarc
801#2$aRU
$bПБ им. Б.Н. Ельцина
$c20180614
$gRCR
$2rusmarc
850##$aФедеральное казенное учреждение "Российский государственный исторический архив"
852##$aРГИА
$j775
937##$hРГИА
$d12155690
$aASBIBLIO_SCAN
462#0$1001dcd89104-8d20-40fa-811e-bb92fb080979
$12001
$aКарты, планы и чертежи Петербургского сенатского архива за 1732-1917 гг.
$vД. 775
$1251
$cОпись
$1852
$j1
461#0$1001ac81bd0a-ee7e-4d64-837e-48e7e073b90f
$12001
$aКарты, планы и чертежи Петербургского Сенатского архива (коллекция)
$1251
$cФонд
$1852
$j1399
215##$a1 лист
$d101х135 см
$cплан.
371##$aДокумент не является опубликованным и широко распространяемым
105##$ae###
1220#$ad1772######
035##$af042f479-aa00-46ab-a505-11598b8a474e
856##$uhttp://readingroom.main.prlib.ru/item.aspx?id_node=n116007155&mode=full
120##$abaa
121##$aa aaaa a
1231#$aa
124##$aa
$bj
206##$bВ одном английском дюйме 10 саженей
325##$aВысочайше конфирмованная копия
5171#$aТверская губерния. План города Вышний Волочек
$e1772
607##$2nlr_sh
$3RU\NLR\AUTH\661285066
$aВышний Волочек, город (Тверская область)
$xИстория
$jДокументы и материалы
686##$2rubbk
$a63.3(28-8Тве)513-22ю1
$vLBC/M
605##$2acquisition_Prlib
$3LIBNET\UAF\0000028143
$aТверская область: страницы истории
$lколлекция
605##$2acquisition_Prlib
$3LIBNET\UAF\0000046575
$aТерритория России: Тверская область
$lколлекция
617##$2prlib_sh
$cТверская губерния
617##$2prlib_sh
$cТверская область
Формат отображения